Statistics for Countries with Six Letters Quiz

Click here to take the quiz!

General Stats

  • This quiz has been taken 72,393 times
  • The average score is 19 of 32

Answer Stats

Continent Country % Correct
EuropeFrance
91%
South AmericaBrazil
84%
North AmericaCanada
83%
North AmericaMexico
81%
EuropeSweden
76%
EuropeNorway
75%
EuropeRussia
70%
EuropeGreece
69%
EuropePoland
68%
South AmericaGuyana
66%
North AmericaPanama
66%
EuropeLatvia
63%
North AmericaBelize
63%
AsiaTurkey
58%
EuropeSerbia
57%
AsiaIsrael
57%
OceaniaTuvalu
55%
EuropeMonaco
54%
AfricaZambia
53%
AsiaJordan
52%
AsiaBhutan
52%
AfricaAngola
49%
AfricaRwanda
47%
EuropeKosovo
47%
AfricaGambia
46%
AfricaUganda
45%
AsiaKuwait
44%
AsiaCyprus
44%
AfricaGuinea
44%
AsiaTaiwan
43%
AsiaBrunei
41%
AfricaMalawi
40%

Score Distribution

Percentile by Number Answered

Percent of People with Each Score

Your Score History

You have not taken this quiz